| 000 | 00703nam a22001937a 4500 | ||
|---|---|---|---|
| 003 | NUST-PNEC | ||
| 005 | 20170116180705.0 | ||
| 008 | 140920b xxu||||| |||| 00| 0 eng d | ||
| 020 | _a8172246390 | ||
| 040 | _cPNEC | ||
| 082 | _a158.7 DUN | ||
| 100 |
_9321 _aDunnette, Marvind D. |
||
| 245 |
_aHandbook of Industrial and organizational psychology ( 4 Volume Set ) _cMarvin D. Dunnette |
||
| 260 |
_aMumbai _bJaico Publishing House _c1998 |
||
| 300 |
_a4 vol. : _bill. : _c25 cm. |
||
| 500 | _aIncludes Index http://www.amazon.com/Handbook-Industrial-Organizational-Psychology-Hough/dp/8172246390/ref=sr_1_1?s=books&ie=UTF8&qid=1411192011&sr=1-1&keywords=8172246390 | ||
| 650 | _xIME | ||
| 942 |
_2ddc _cBK |
||
| 999 |
_c60692 _d60692 |
||